000 00370nam a2200157Ia 4500
003 OSt
005 20240207121508.0
008 170523s9999 xx 000 0 und d
020 _a978-0135485118
040 _ciimt university meerut
100 _aWIEST- JD
245 0 _aMANAGEMENT GUIDE TO PERT AND CPM
260 _bNEW DELHI PHI
260 _c1994
942 _2ddc
_c02
999 _c378
_d378